| 000 | 00321nam a22001217a 4500 | ||
|---|---|---|---|
| 020 | _a9788126510566 | ||
| 082 |
_222 _a621.38221 |
||
| 100 | _aMolisch, Andreas F. | ||
| 245 | _aWireless communications / | ||
| 260 |
_aNew Delhi, _bJohn Wiley and Sons, _cc2012. |
||
| 300 |
_axIvi, 622p. ; _bill. ; _c24 cm. |
||
| 942 |
_2ddc _cEE _07 |
||
| 999 |
_c1095 _d1095 |
||